Falacias y ámbitos de la creatividad : el acto de creación en la empresa /

El autor de esta obra entiende la creatividad como un sistema de colaboración: el acto creador sólo tendrá resonancia si se inserta en la comunidad a la que pertenece y es acogido por ella. Por lo tanto, es la empresa la que crea, es el resultado del trabajo en conjunto.

Gespeichert in:
Bibliographische Detailangaben
1. Verfasser: Llano Cifuentes, Carlos (autor)
Format: Buch
Sprache:Spanisch
Veröffentlicht: México : Noriega : IPADE, 2002, c2002
Schriftenreihe:(Reflexión y Análisis)
Schlagworte:
Tags: Tag hinzufügen
Keine Tags, Fügen Sie das erste Tag hinzu!

MARC

LEADER 00000nam^a2200000^a^4500
001 000153068
005 20250521000000.0
009 20260310100305.709
020 |a 968-18-6215-5 
037 |a Acervo ITESO - Biblioteca 
041 |a ESP 
082 |a 658. 4063  |b LLA 
100 |a Llano Cifuentes, Carlos  |e (autor) 
245 1 0 |a Falacias y ámbitos de la creatividad :  |b el acto de creación en la empresa /  |c C. Llano Cifuentes. 
264 4 |a México :  |b Noriega :  |b IPADE,  |c 2002, c2002 
300 |a 373 p. 
336 |a texto  |b txt  |2 rdacontenido 
337 |a sin mediación  |b n  |2 rdamedio 
338 |a volumen  |b nc  |2 rdasoporte 
440 1 |a (Reflexión y Análisis) 
520 |a El autor de esta obra entiende la creatividad como un sistema de colaboración: el acto creador sólo tendrá resonancia si se inserta en la comunidad a la que pertenece y es acogido por ella. Por lo tanto, es la empresa la que crea, es el resultado del trabajo en conjunto. 
649 |a XX 
650 |a Empresas -  |x Administración 
650 |a Creatividad en los Negocios 
650 |a Liderazgo 
650 |a Trabajo en Equipo 
650 |a Exito Administrativo 
650 |a Cambio Organizacional 
650 |a Cultura Organizacional 
650 |a Desarrollo Organizacional 
650 |a Proceso Administrativo -  |x Dirección 
650 |a Administración 
650 |a Ciencias Administrativas 
910 |a Fondo General 
920 |a Impresos - Libros 
930 |a Colección General 
905 |a 101 
901 |a 0500081681  |b IT1  |c ACC  |u 20250521 
902 |a https://opac.biblio.iteso.mx/vufind/Record/000153068